Memoria leída por D. Antonio Maestre y Alonso, secretario de la sociedad científico-literaria La Escolar, en la solemne apertura de sus sesiones (Record no. 156697)

MARC details
000 -LEADER
campo de control de longitud fija 00774nam a2200157 i 4500
001 - NÚMERO DE CONTROL
campo de control 156697
003 - IDENTIFICADOR DE NÚMERO DE CONTROL
campo de control ES-MaACL
005 - FECHA Y HORA DE LA ÚLTIMA TRANSACCIÓN
campo de control 20230906210456.0
008 - DATOS DE LONGITUD FIJA--INFORMACIÓN GENERAL
campo de control de longitud fija 040826s1873 sp |||| | spa d
110 2# - ENTRADA PRINCIPAL--NOMBRE DE ENTIDAD CORPORATIVA
Nombre de entidad corporativa o nombre de jurisdicción como elemento de entrada La Escolar.
9 (RLIN) 134610
245 10 - MENCIÓN DEL TÍTULO
Título Memoria leída por D. Antonio Maestre y Alonso, secretario de la sociedad científico-literaria La Escolar, en la solemne apertura de sus sesiones
Resto del título : celebrada el día 4 de octubre de 1873.
260 ## - PUBLICACIÓN, DISTRIBUCIÓN, ETC.
Lugar de publicación, distribución, etc. Madrid :
Nombre del editor, distribuidor, etc. [s.n.],
Fecha de publicación, distribución, etc. 1873 (
Fabricante Imp. de F. Escámez)
300 ## - DESCRIPCIÓN FÍSICA
Extensión 11 p. ;
Dimensiones 19 cm.
700 1# - ENTRADA AGREGADA--NOMBRE PERSONAL
Nombre de persona Maestre y Alonso, Antonio.
9 (RLIN) 75403
852 ## - LOCALIZACIÓN
Ubicación ES-MaACL
Número de control de estantería T-422-F-18
Nota libre - Enc. hol.
-- . - Ex-libris ms. de Gustavo Sáenz Díez
-- . - Dedicatoria del autor a los Escolares Médicos
condición física - Falto de cub. original
Nota libre - Enc. en un vol. facticio
Holdings
Estatus retirado Estado de pérdida Estado de daño No para préstamo Colección Biblioteca de origen Biblioteca actual Ubicación en estantería Fecha de adquisición Total de préstamos Signatura topográfica completa Código de barras Visto por última vez Precio de reemplazo Tipo de ítem Koha
        Colección de folletos Biblioteca del Ateneo de Madrid Biblioteca del Ateneo de Madrid Depósito folletos 17/01/2008   T-422-F-18 1163941 23/02/2023 23/02/2023 Folleto